Numerical methods in science and engineering (Record no. 12202)

000 -LEADER
fixed length control field 00471nam a22001697a 4500
008 - FIXED-LENGTH DATA ELEMENTS--GENERAL INFORMATION
fixed length control field 220720b ||||| |||| 00| 0 eng d
020 ## - INTERNATIONAL STANDARD BOOK NUMBER
International Standard Book Number 9789386217646
082 ## - DEWEY DECIMAL CLASSIFICATION NUMBER
Classification number 620.0015
Item number PUN
100 ## - MAIN ENTRY--PERSONAL NAME
Personal name Pundir, Sudhir K.
245 ## - TITLE STATEMENT
Title Numerical methods in science and engineering
260 ## - PUBLICATION, DISTRIBUTION, ETC. (IMPRINT)
Place of publication, distribution, etc New Delhi
Name of publisher, distributor, etc CBS Publishers
Date of publication, distribution, etc 2017
300 ## - PHYSICAL DESCRIPTION
Extent 892p.
650 ## - SUBJECT ADDED ENTRY--TOPICAL TERM
Topical term or geographic name as entry element Numerical analysis
650 ## - SUBJECT ADDED ENTRY--TOPICAL TERM
Topical term or geographic name as entry element Computer science--Mathematics
650 ## - SUBJECT ADDED ENTRY--TOPICAL TERM
Topical term or geographic name as entry element Numerical integration
942 ## - ADDED ENTRY ELEMENTS (KOHA)
Item type Books
Holdings
Withdrawn status Lost status Source of classification or shelving scheme Damaged status Not for loan Collection code Permanent location Current location Shelving location Date acquired Full call number Barcode Date last seen Koha item type Public note
          Non-fiction IMU-MPC Library IMU-MPC Library General Stacks 2022-07-20 620.0015 PUN MPC6555 2025-03-17 Books Column-2
Copyright © 2021 Indian Maritime University, Mumbai Port Campus. All Rights Reserved. Managed & Maintained by Central Library, IMU-Mumbai

webs counters

Powered by Koha